[Event "Titled Tue 1st Apr Early"]
[Site "chess.com INT"]
[Date "2025.04.01"]
[Round "8"]
[White "Nakamura,Hi"]
[Black "Erigaisi,Arjun"]
[Result "1-0"]
[WhiteElo "2802"]
[BlackElo "2777"]

1.b3 Nf6 2.Bb2 d5 3.Nf3 Bf5 4.Nh4 Bd7 5.c4 e6 6.Nf3 c5 7.cxd5 exd5 8.e3 Nc6
9.Be2 Bd6 10.O-O O-O 11.d4 Rc8 12.dxc5 Bxc5 13.Nc3 Bg4 14.Rc1 Bd6 15.h3 Bh5
16.Nh4 Bg6 17.Nxg6 hxg6 18.Bf3 d4 19.Nb5 Bb8 20.Nxd4 Ne5 21.Ba3 Rxc1 22.Qxc1 Nxf3+
23.Nxf3 Bd6 24.Bb2 Qa5 25.Rd1 Be7 26.a3 Rd8 27.Rxd8+ Qxd8 28.Bxf6 gxf6 29.a4 Qd5
30.Qc2 f5 31.Ne1 b5 32.axb5 Qxb5 33.Nd3 a5 34.g3 Kg7 35.Nb2 Bf6 36.Nc4 Qb4
37.Qa2 Bc3 38.Qa4 Qb7 39.h4 Kf8 40.h5 gxh5 41.Nd6 Qd5 42.Qd7 Qe6 43.Qd8+ Kg7
44.Qg5+ Qg6 45.Nxf5+ Kh7 46.Qf4 Qg4 47.Kg2 Qxf4 48.exf4 Kg6 49.Nd6 Bb4 50.Nc4 Kf5
51.Kf3 Ke6 52.Ne3 Kd6 53.Ke4 Be1 54.f3 Kc5 55.g4 hxg4 56.fxg4 Bd2 57.Nc2 f6
58.Kf5 Kb5 59.Ke4 Kc5 60.f5 Bg5 61.Kd3 Kb5 62.Nd4+ Kb4 63.Kc2 a4 64.bxa4 Kxa4
65.Kc3 Ka5 66.Kc4 Kb6 67.Kd5 Kc7 68.Ne6+ Kd7 69.Nxg5 fxg5 70.f6  1-0

[Event "Titled Tue 1st Apr Late"]
[Site "chess.com INT"]
[Date "2025.04.01"]
[Round "8"]
[White "Sargsyan,Shant"]
[Black "Nakamura,Hi"]
[Result "0-1"]
[WhiteElo "2666"]
[BlackElo "2804"]

1.c4 e5 2.g3 Nf6 3.Bg2 c6 4.d4 exd4 5.Qxd4 d5 6.Nf3 Be6 7.cxd5 cxd5 8.O-O Nc6
9.Qa4 Bc5 10.Nc3 O-O 11.Bg5 h6 12.Bxf6 Qxf6 13.Rfd1 Rfd8 14.Rac1 Bb6 15.Rd2 Ne5
16.b3 Ng4 17.Nd1 Rac8 18.Qa3 Rxc1 19.Qxc1 Rc8 20.Rc2 Rxc2 21.Qxc2 Qa1 22.Bf1 g6
23.h3 Bxf2+ 24.Kg2 Ne3+ 25.Nxe3 Bxe3 26.Qd3 d4 27.Qe4 Bxh3+ 28.Kxh3 Qxf1+
29.Kh2 Qxe2+ 30.Kh3 Qf1+ 31.Kh2 Qf2+ 32.Kh3 Qf1+ 33.Kh2 Qb5 34.Ne5 Qe2+ 35.Kh3 Qf1+
36.Kh4 Bg5+ 37.Kg4 f5+  0-1

[Event "Titled Tue 1st Apr Early"]
[Site "chess.com INT"]
[Date "2025.04.01"]
[Round "9"]
[White "Le,Quang Liem"]
[Black "Nakamura,Hi"]
[Result "1/2-1/2"]
[WhiteElo "2739"]
[BlackElo "2802"]

1.d4 d5 2.c4 c5 3.cxd5 Nf6 4.e4 Nxe4 5.dxc5 Nxc5 6.Nc3 e6 7.Be3 Be7 8.Nf3 O-O
9.Rc1 b6 10.Bc4 Ba6 11.Qe2 Bxc4 12.Qxc4 Nbd7 13.O-O Rc8 14.Rfd1 Nf6 15.dxe6 Nxe6
16.Qa6 Qe8 17.Qxa7 Bc5 18.Bxc5 bxc5 19.Qa4 Qe7 20.Qc4 Qb7 21.b3 h6 22.h3 Ra8
23.Rd2 Rab8 24.Rcd1 Qa8 25.Nd5 Nxd5 26.Qxd5 Qxd5 27.Rxd5 c4 28.bxc4 Ra8 29.R5d2 Rfc8
30.Rc1 Ra4 31.Ne5 f6 32.Nd3 Rcxc4 33.Rxc4 Rxc4 34.Kf1 Nd4 35.f3 Nb5 36.Kf2 Nc3
37.Ke3 Ra4 38.Nc1 Kf7 39.Kd3 Nd5 40.Kc2 Ke6 41.Kb2 Ra8 42.Nb3 Ke5 43.g3 g5
44.a3 f5 45.Nc5 Ne3 46.Rd3 f4 47.Nd7+ Ke6 48.gxf4 gxf4 49.Nc5+ Ke5 50.Nd7+ Ke6
51.Nc5+ Ke5 52.Nd7+ Ke6  1/2-1/2

[Event "Titled Tue 1st Apr Late"]
[Site "chess.com INT"]
[Date "2025.04.01"]
[Round "9"]
[White "Nakamura,Hi"]
[Black "Le,Quang Liem"]
[Result "1-0"]
[WhiteElo "2804"]
[BlackElo "2729"]

1.e4 e5 2.Bc4 Nf6 3.d3 Nc6 4.Nc3 Bb4 5.Nf3 d6 6.O-O O-O 7.Nd5 Nxd5 8.Bxd5 Ne7
9.Bb3 Ng6 10.Ng5 h6 11.Qh5 Qf6 12.g3 Bc5 13.Kg2 a5 14.a4 Ne7 15.Nh3 Be6 16.Bxe6 Qxe6
17.g4 g6 18.Qh4 g5 19.Qg3 d5 20.Re1 Rad8 21.Bd2 Bb6 22.Bc3 Ng6 23.Ng1 Qc6
24.Nf3 d4 25.Bd2 Qxc2 26.h4 gxh4 27.Qh2 Kg7 28.Rad1 c5 29.Nxh4 Nxh4+ 30.Qxh4 Rd6
31.Qg3 Re8 32.Rh1 Rg6 33.Bxh6+ Rxh6 34.Rxh6 Qxd1 35.Qh4 Bd8 36.Rh7+ Kf8 37.Qh5 Qb3
38.g5 Qe6 39.Rh6  1-0

[Event "Titled Tue 1st Apr Late"]
[Site "chess.com INT"]
[Date "2025.04.01"]
[Round "10"]
[White "Lazavik,Denis"]
[Black "Nakamura,Hi"]
[Result "1-0"]
[WhiteElo "2577"]
[BlackElo "2804"]

1.d4 Nf6 2.c4 e6 3.Nf3 d5 4.g3 dxc4 5.Bg2 a6 6.O-O Nc6 7.Bg5 Rb8 8.Qc1 b5
9.Rd1 Be7 10.Ne5 Nxe5 11.dxe5 Nd7 12.Bf4 Bb7 13.Bxb7 Rxb7 14.b3 c5 15.bxc4 Qc7
16.Nc3 O-O 17.Ne4 Qc6 18.Qc2 h6 19.Nd6 Rbb8 20.h4 Nb6 21.cxb5 axb5 22.e4 c4
23.Qe2 Na4 24.Qg4 Bxd6 25.exd6 Qxe4 26.d7 Rbd8 27.Re1 Qh7 28.Rad1 Nb2 29.Rd4 Nd3
30.Re3 Nxf4 31.Qxf4 Qc2 32.Qc7 Qxa2 33.Kg2 Qa8+ 34.Kg1 Qb8 35.Qc6 b4 36.Rxc4 b3
37.Rc1 Qa7 38.Rd3 b2 39.Rb1 Rb8 40.Qc2 Qb7 41.Rd2 Rfd8 42.Qd1  1-0

[Event "Titled Tue 1st Apr Early"]
[Site "chess.com INT"]
[Date "2025.04.01"]
[Round "10"]
[White "Nakamura,Hi"]
[Black "Shimanov,A"]
[Result "1/2-1/2"]
[WhiteElo "2802"]
[BlackElo "2593"]

1.b3 e5 2.Bb2 Nc6 3.c4 Nge7 4.e3 d5 5.cxd5 Nxd5 6.a3 Bd7 7.Qc2 Bd6 8.Nf3 Qe7
9.d3 g5 10.Nfd2 f5 11.Be2 g4 12.Nc3 Nxc3 13.Qxc3 O-O-O 14.b4 a6 15.Nc4 Kb8
16.O-O-O f4 17.Kb1 Rhf8 18.Rd2 h5 19.Bd1 h4 20.Re1 Qg5 21.Bc2 Bf5 22.Ba4 b5
23.Nxd6 Rxd6 24.Bc2 Rfd8 25.g3 hxg3 26.hxg3 fxg3 27.fxg3 Qg6 28.Red1 Qg5
29.Qc5 Kb7 30.d4 Bxc2+ 31.Rxc2 R8d7 32.d5 Ne7 33.e4 Nc8 34.Qc3 Re7 35.Rf1 Rf6
36.Rxf6 Qxf6 37.Qc5 Nb6 38.Rf2 Qd6 39.Qxd6 cxd6 40.Rf6 Nc4 41.Bc1 a5 42.bxa5 Ka6
43.Kc2 Kxa5 44.Bd2+ Ka4 45.Bb4 Nxa3+ 46.Bxa3 Kxa3 47.Rxd6 Rc7+ 48.Kd3 b4
49.Ra6+ Kb2 50.d6 Rc3+ 51.Kd2 Rc4 52.Ra5 Rd4+ 53.Ke3 Rxd6 54.Rxe5 b3 55.Rb5 Kc3
56.e5 Rd1 57.Ke2 Rg1 58.e6 Rh1 59.e7 Rh8 60.Rb7 b2 61.Rc7+ Kd4 62.Rb7 Kc3
63.Rc7+ Kd4 64.Rb7 Kc3  1/2-1/2

[Event "Titled Tue 1st Apr Early"]
[Site "chess.com INT"]
[Date "2025.04.01"]
[Round "11"]
[White "Nakamura,Hi"]
[Black "Dardha,Daniel"]
[Result "1-0"]
[WhiteElo "2802"]
[BlackElo "2665"]

1.b3 Nf6 2.Bb2 g6 3.e3 Bg7 4.Nf3 O-O 5.d4 c5 6.dxc5 Qa5+ 7.c3 Qxc5 8.Ba3 Qa5
9.Bxe7 Re8 10.Bxf6 Bxf6 11.Qd2 Nc6 12.Be2 d5 13.O-O Bf5 14.b4 Qb6 15.Na3 a5
16.b5 Ne5 17.Nd4 Bd7 18.Nac2 Rac8 19.a4 Qc5 20.Ra3 Nc4 21.Bxc4 Qxc4 22.Rc1 Be7
23.Rb3 Qxa4 24.Ra1 Qc4 25.Rxa5 Ra8 26.Rxa8 Rxa8 27.Rb2 Rc8 28.Rb3 Ra8 29.h3 Ra2
30.Qc1 Qa4 31.Nb4 Bxb4 32.Rxb4 Qa7 33.b6 Qa6 34.Rb1 Qa5 35.c4 dxc4 36.Qxc4 Qd2
37.Rf1 Ba4 38.Qc8+ Kg7 39.Qxb7 Qb2 40.Qc7 Ra1 41.Rxa1 Qxa1+ 42.Kh2  1-0

[Event "Titled Tue 1st Apr Late"]
[Site "chess.com INT"]
[Date "2025.04.01"]
[Round "11"]
[White "Nakamura,Hi"]
[Black "Paravyan,D"]
[Result "1/2-1/2"]
[WhiteElo "2804"]
[BlackElo "2596"]

1.e4 e6 2.d4 d5 3.exd5 exd5 4.Nf3 Nf6 5.Bd3 Bd6 6.O-O O-O 7.h3 h6 8.c4 dxc4
9.Bxc4 Nc6 10.Nc3 Bf5 11.Re1 Qd7 12.Be3 Rae8 13.d5 Ne5 14.Bb5 c6 15.Nxe5 Bxe5
16.dxc6 bxc6 17.Qxd7 Bxd7 18.Ba4 Rb8 19.Bb3 a5 20.Na4 Rfe8 21.Rad1 Nd5 22.Ba7 Ra8
23.Bc5 Bf6 24.Rxe8+ Rxe8 25.Nb6 Be6 26.Nxd5 Bxd5 27.Bxd5 cxd5 28.b3 Re2 29.a3 Rb2
30.b4 axb4 31.axb4  1/2-1/2

[Event "Titled Tue 15th Apr Early"]
[Site "chess.com INT"]
[Date "2025.04.15"]
[Round "1"]
[White "Nanugonda,Vishva"]
[Black "Nakamura,Hi"]
[Result "0-1"]
[WhiteElo "2131"]
[BlackElo "2804"]

1.d4 b6 2.c4 Bb7 3.Nc3 e6 4.Nf3 Bxf3 5.exf3 c6 6.Be3 d5 7.Be2 Ne7 8.O-O g6
9.Qc2 Bg7 10.Rad1 O-O 11.Rfe1 a6 12.b3 Nd7 13.Qc1 Nf5 14.Bf1 b5 15.c5 e5
16.dxe5 Bxe5 17.Ne2 Re8 18.Nd4 Bxd4 19.Rxd4 Nxd4 20.Bxd4 Rxe1 21.Qxe1 Qe8
22.Qd2 Qe7 23.g3 Re8 24.h4 Nxc5 25.h5 Ne6 26.Bb2 d4  0-1

[Event "Titled Tue 15th Apr Late"]
[Site "chess.com INT"]
[Date "2025.04.15"]
[Round "1"]
[White "Sadovsky,Artem"]
[Black "Nakamura,Hi"]
[Result "0-1"]
[WhiteElo "2268"]
[BlackElo "2804"]

1.Nf3 g6 2.d4 Bg7 3.e4 c6 4.Nc3 d5 5.e5 Bg4 6.Bd3 e6 7.h3 Bxf3 8.Qxf3 a6
9.Ne2 c5 10.c3 Nc6 11.a3 cxd4 12.cxd4 Qb6 13.Qg4 h5 14.Qh4 Qb3 15.Qg3 h4
16.Qe3 Bh6 17.f4 Nge7 18.O-O Nf5 19.Bxf5 Qxe3+ 20.Bxe3 gxf5 21.Bd2 Bf8 22.Rac1 Be7
23.Rf3 Kd7 24.Rb3 Rab8 25.Kf1 Bd8 26.Be1 b5 27.Rd3 Bb6 28.Rcd1 Rbc8 29.Ng1 Ne7
30.Nf3 Ng6 31.Bd2 Rc2 32.Rb3 Rc4 33.Be3 Rhc8 34.Ke2 Bd8 35.Kd3 f6 36.exf6 Bxf6
37.Rf1 Rc2 38.Nd2 Rc1 39.a4 Rxf1 40.Nxf1 bxa4 41.Rb7+ Rc7 42.Rb6 Rc6 43.Rb4 Be7
44.Rxa4 Bd6 45.Nd2 Bxf4 46.Nf3 Bg3 47.Rb4 Kc8 48.Ng5 Bc7 49.Rb3 Kd7 50.Nf3 Rb6
51.Rxb6 Bxb6 52.Bg5 Bd8 53.Bxd8 Kxd8 54.Ke3 Kc7 55.Ng5 Kd6 56.Nf7+ Ke7 57.Ng5 e5
58.dxe5 Nxe5 59.Kf4 Nd3+ 60.Kxf5 Kd6 61.Nf3 Nxb2 62.Nxh4 a5 63.Nf3 a4 64.Nd2 Nc4
65.Nb1 a3 66.Nc3 d4 67.Na2 d3  0-1

[Event "Titled Tue 15th Apr Late"]
[Site "chess.com INT"]
[Date "2025.04.15"]
[Round "2"]
[White "Nakamura,Hi"]
[Black "Lortkipanidze,N"]
[Result "1-0"]
[WhiteElo "2804"]
[BlackElo "2359"]

1.b3 b6 2.Bb2 Bb7 3.Nf3 e6 4.g3 f5 5.Bg2 Nf6 6.O-O Be7 7.d4 O-O 8.c4 a5 9.d5 Na6
10.Nd4 Nc5 11.Nc3 Bd6 12.Qc2 Qe7 13.Rad1 Rae8 14.Ncb5 Nfe4 15.Nxd6 Nxd6 16.Ba3 e5
17.Nf3 e4 18.Nd4 f4 19.Bc1 g5 20.f3 fxg3 21.hxg3 Qe5 22.f4 gxf4 23.Bxf4 Qg7
24.Bxd6 cxd6 25.Nf5 Qg6 26.g4 Rf6 27.Rf4 Re5 28.Rdf1 Kh8 29.Ne7 Rxe7 30.Rxf6 Qxg4
31.Qc3 Re5 32.Rf8+ Kg7 33.Qe3 Rg5 34.R1f7+ Kg6 35.Rf2 Kg7 36.Qc3+ Kh6 37.R8f4 Qg3
38.Qf6+ Kh5 39.Qf7+ Kh6 40.Rf6+ Rg6 41.Rxg6+ hxg6 42.Qf8+ Kg5 43.Qe7+ Kh6
44.Qf8+ Kg5 45.Qf6+ Kh6 46.Qf4+ Qxf4 47.Rxf4 Kg5 48.e3 b5 49.Bxe4 bxc4 50.bxc4 Ba6
51.Bc2 a4 52.Kf2 a3 53.Ke1 Kh5 54.Bd1+ Kh6 55.Kd2 Kg7 56.Kc3 g5 57.Rd4 Kf6
58.Kb4 Ke5 59.Kxa3 Ne4 60.Kb4 Nf2 61.Be2 Ne4 62.a4 Ng3 63.Bg4 Nf1 64.Bf3 Kf5
65.Ka5 Bc8 66.Rd3 g4 67.Bg2 Ng3 68.Kb6 Ne4 69.Bxe4+ Kxe4 70.Rd4+ Kf3 71.Rf4+  1-0

[Event "Titled Tue 15th Apr Early"]
[Site "chess.com INT"]
[Date "2025.04.15"]
[Round "2"]
[White "Nakamura,Hi"]
[Black "Dong Bao Nghia"]
[Result "1-0"]
[WhiteElo "2804"]
[BlackElo "2189"]

1.b3 Nf6 2.Bb2 d5 3.Nf3 c5 4.e3 Nc6 5.Bb5 Qb6 6.c4 dxc4 7.Bxc4 e6 8.O-O Be7
9.Nc3 O-O 10.Rc1 a6 11.d4 cxd4 12.Na4 Qa7 13.Nxd4 Nb4 14.a3 Nbd5 15.b4 Bd7
16.Bb3 Rac8 17.Nc3 Nxc3 18.Bxc3 Rfd8 19.Bb2 e5 20.Nf3 Bc6 21.Qe2 Bb5 22.Bc4 e4
23.Nd4 Bd7 24.h3 h6 25.Bb3 Qb8 26.Rfd1 Rxc1 27.Rxc1 Rc8 28.Rd1 Rc7 29.Qd2 Qc8
30.Ne2 Be6 31.Bxe6 Qxe6 32.Nf4 Qb3 33.Bxf6 Bxf6 34.Nd5 Rc6 35.Nxf6+ Rxf6
36.Qd4 Qc2 37.Rd2 Qb1+ 38.Kh2 Kh7 39.Qd5 b5 40.h4 Kg8 41.h5 Kh7 42.Qe5 Re6
43.Qf5+  1-0

[Event "Titled Tue 15th Apr Late"]
[Site "chess.com INT"]
[Date "2025.04.15"]
[Round "3"]
[White "Samunenkov,Ihor"]
[Black "Nakamura,Hi"]
[Result "0-1"]
[WhiteElo "2572"]
[BlackElo "2804"]

1.e4 c5 2.c3 g6 3.d4 cxd4 4.cxd4 d5 5.e5 Nc6 6.Nc3 a6 7.h4 h5 8.Bd3 Nh6 9.Nge2 Nf5
10.Be3 Nxe3 11.fxe3 Bh6 12.Qd2 Bg4 13.g3 Rc8 14.Nf4 Bxf4 15.gxf4 e6 16.Rc1 O-O
17.Kf2 Kg7 18.Na4 Qe7 19.Nc5 f6 20.exf6+ Rxf6 21.Kg3 e5 22.dxe5 Nxe5 23.Nb3 Nf3
24.Qf2 Rxc1 25.Nxc1 Re6  0-1

[Event "Titled Tue 15th Apr Early"]
[Site "chess.com INT"]
[Date "2025.04.15"]
[Round "3"]
[White "Szpar,Milosz"]
[Black "Nakamura,Hi"]
[Result "1-0"]
[WhiteElo "2481"]
[BlackElo "2804"]

1.e4 d5 2.exd5 Qxd5 3.Nc3 Qa5 4.d4 c6 5.Nf3 Nf6 6.Bd2 Bg4 7.h3 Bxf3 8.Qxf3 e6
9.Ne4 Qd8 10.Nxf6+ Qxf6 11.Qxf6 gxf6 12.g3 h5 13.h4 Nd7 14.c3 Bh6 15.Bxh6 Rxh6
16.Bg2 f5 17.Ke2 Nf6 18.Bf3 Ke7 19.a4 a5 20.Ra3 Rhh8 21.Rb3 Ra7 22.Re1 Kd6
23.Kd3 Nd7 24.Ke3 b6 25.Ra3 Raa8 26.Rb1 Ra7 27.Bg2 Nf6 28.Bf3 Kc7 29.Kf4 Raa8
30.b4 Ra7 31.b5 Nd5+ 32.Ke5 Rh6 33.bxc6 Ne7 34.Rab3 Nc8 35.c4 Nd6 36.c5 Nc4+
37.Kf4 bxc5 38.dxc5 f6 39.Rb7+ Rxb7 40.cxb7 Kb8 41.c6 Rh7 42.Rd1 Rh8 43.Rd7  1-0

[Event "Titled Tue 15th Apr Late"]
[Site "chess.com INT"]
[Date "2025.04.15"]
[Round "4"]
[White "Nakamura,Hi"]
[Black "Rasulov,Vu"]
[Result "1-0"]
[WhiteElo "2804"]
[BlackElo "2505"]

1.b3 d5 2.Bb2 Bg4 3.h3 Bh5 4.g4 Bg6 5.Nf3 e6 6.d3 a5 7.a3 Nf6 8.Nh4 Bd6 9.e3 Nbd7
10.Nd2 Qe7 11.Bg2 c6 12.Qe2 Be5 13.d4 Bd6 14.Nxg6 hxg6 15.c4 g5 16.Kd1 Nf8
17.Kc2 Ng6 18.Qd1 O-O 19.Kb1 c5 20.dxc5 Be5 21.cxd5 exd5 22.Qc2 Nh4 23.Bxe5 Qxe5
24.Nf3 Nxf3 25.Bxf3 Rfc8 26.Rc1 Ra6 27.Qf5 Qe8 28.Bxd5 Nxd5 29.Qxd5 Rd8 30.Qc4 Rh6
31.Ra2 Rxh3 32.Rac2 Qe5 33.c6 bxc6 34.Qxc6 Rb8 35.Ka2 Rh2 36.Qd7 g6 37.a4 Qf6
38.Qc7 Qb6 39.Qxb6 Rxb6 40.Ka3 Kg7 41.Rc5 Rxf2 42.Rxg5 Rf3 43.Rc3 Ra6 44.Rb5 Rg3
45.g5 Ra7 46.Rd5 Rg1 47.Rcc5 Re7 48.Re5 Rd7 49.Rxa5 Rd2 50.Rad5 Re2 51.Rd8 Rg3
52.a5 Rgg2 53.Ka4 Rg4+ 54.Rd4 Rg1 55.b4 Rc2 56.Kb5 Rc8 57.Kb6 Rgc1 58.Rd7 Rb8+
59.Rb7 Rd8 60.Rc5 Rb1 61.b5 Rd6+ 62.Ka7 Re6 63.b6 Rxe3 64.Rbc7 Re8 65.b7 Rf8
66.a6 Rb3 67.Rc8  1-0

[Event "Titled Tue 15th Apr Early"]
[Site "chess.com INT"]
[Date "2025.04.15"]
[Round "4"]
[White "Nakamura,Hi"]
[Black "Rossi,Max"]
[Result "1-0"]
[WhiteElo "2804"]
[BlackElo "2013"]

1.b3 d5 2.Bb2 Nd7 3.Nf3 Ngf6 4.e3 e6 5.c4 Bd6 6.Nc3 c6 7.Qc2 a6 8.O-O-O b5
9.d3 Bb7 10.e4 dxe4 11.Nxe4 Be7 12.d4 O-O 13.c5 Nd5 14.a3 N7f6 15.g3 b4 16.a4 Nxe4
17.Qxe4 Nc3 18.Bxc3 bxc3 19.h4 Qd5 20.Qxd5 cxd5 21.Kc2 f6 22.Bh3 e5 23.Rhe1 Bc8
24.Bxc8 Rfxc8 25.b4 e4 26.Ng1 f5 27.Ne2 Bf6 28.Nxc3 Rd8 29.Rd2 g5 30.hxg5 Bxg5
31.f4 exf3 32.Rf2 Bf6 33.Kd3 Re8 34.Rxe8+ Rxe8 35.Nxd5 Kf7 36.Rxf3 Bh8 37.Rxf5+ Kg6
38.Rf4 Re1 39.c6 Re6 40.b5 axb5 41.axb5  1-0

[Event "Titled Tue 15th Apr Early"]
[Site "chess.com INT"]
[Date "2025.04.15"]
[Round "5"]
[White "Sorensen,Hampus"]
[Black "Nakamura,Hi"]
[Result "0-1"]
[WhiteElo "2436"]
[BlackElo "2804"]

1.d4 b6 2.c4 Bb7 3.Nc3 e6 4.a3 Nf6 5.Nf3 d5 6.Bg5 Be7 7.cxd5 Nxd5 8.Bxe7 Nxe7
9.e4 O-O 10.Be2 Nd7 11.O-O c5 12.Rc1 a6 13.Rc2 Qb8 14.Rd2 b5 15.d5 e5 16.a4 b4
17.Nb1 Nc8 18.Rc2 Nd6 19.Nbd2 a5 20.b3 f6 21.Bd3 Ba6 22.Bxa6 Rxa6 23.Qe2 Qb7
24.Nc4 Nf7 25.Ne1 g6 26.Nd3 Kg7 27.Rfc1 Rc8 28.Nd2 Qa7 29.Qe3 f5 30.Nxc5 Rxc5
31.Rxc5 f4 32.Qd3 Nxc5 33.Rxc5 Qxc5 34.Qxa6 Qc2 35.Nf3 Qxb3 36.h4 Qb1+ 37.Kh2 Qxe4
38.Qe6 Qf5 39.Qe7 Qf6 40.Qb7 e4 41.Ng5 e3 42.Ne6+ Kh6 43.fxe3 fxe3 44.Qb5 Qxh4+
45.Kg1 Ne5 46.Qe2 Qf2+ 47.Qxf2 exf2+ 48.Kxf2 b3  0-1

[Event "Titled Tue 15th Apr Late"]
[Site "chess.com INT"]
[Date "2025.04.15"]
[Round "5"]
[White "Harikrishna,P"]
[Black "Nakamura,Hi"]
[Result "1-0"]
[WhiteElo "2707"]
[BlackElo "2804"]

1.e4 c5 2.Nf3 e6 3.g3 b6 4.Bg2 Bb7 5.Nc3 Nf6 6.e5 Ng4 7.O-O f5 8.exf6 Nxf6
9.d4 Qc8 10.Bf4 cxd4 11.Nb5 Nd5 12.Qxd4 Qc5 13.c4 a6 14.cxd5 axb5 15.dxe6 dxe6
16.Rac1 Qxd4 17.Nxd4 Bxg2 18.Kxg2 Na6 19.Nxb5 Be7 20.Rc6 Nc5 21.b4 Na6 22.a3 Kf7
23.Rxb6 Nb8 24.Rxb8 Rhxb8 25.Bxb8 Rxb8 26.Nd4 Ra8 27.Nc2 Rc8 28.Ne3 Bf6 29.Rb1 Bd4
30.Rb3 Kf6 31.a4 Ke5 32.Kf3 h5 33.h4 Ra8 34.a5 Kd6 35.Rd3 e5 36.Ke4 Kc6 37.f4 Re8
38.Nf5 Ba1 39.Nxg7 Rg8 40.Nxh5 exf4 41.Nxf4 Kb5 42.Nd5 Re8+ 43.Kf5 Re5+ 44.Kf4 Kc4
45.Rd1 Bb2 46.Ne3+ Kb3 47.Rb1 Re8 48.Rxb2+ Kxb2 49.g4 Kc3 50.g5 Kxb4 51.g6 Kxa5
52.Nf5 Rg8 53.g7 Kb5 54.h5 Rxg7 55.Nxg7  1-0

[Event "Titled Tue 15th Apr Early"]
[Site "chess.com INT"]
[Date "2025.04.15"]
[Round "6"]
[White "Nakamura,Hi"]
[Black "Samunenkov,Ihor"]
[Result "1-0"]
[WhiteElo "2804"]
[BlackElo "2572"]

1.b3 d5 2.Bb2 c5 3.e3 Nf6 4.Nf3 g6 5.Bb5+ Bd7 6.Bxf6 exf6 7.Bxd7+ Qxd7 8.d4 cxd4
9.Qxd4 Qe6 10.O-O Nc6 11.Qd2 Bh6 12.Nc3 Rd8 13.Rfd1 Ne7 14.Qd4 Nc6 15.Qc5 Qe7
16.Rxd5 Qxc5 17.Rxc5 f5 18.Rd5 Bg7 19.Rxd8+ Nxd8 20.Nd4 Ne6 21.Rd1 O-O 22.Nxe6 fxe6
23.Ne2 Rc8 24.c4 Rc7 25.h4 Kf7 26.Nf4 a6 27.g3 b5 28.Rc1 Ke7 29.Kf1 a5 30.Nd3 bxc4
31.Rxc4 Rd7 32.Ke2 Ra7 33.f3 Kd6 34.e4 fxe4 35.Rxe4 Rc7 36.Rc4 Ra7 37.g4 Kd5
38.Nf4+ Kd6 39.Ke3 Bh6 40.g5 Bg7 41.Ke4 Rf7 42.Nd3 Rf5 43.f4 Ba1 44.Rc8 Bg7
45.Ra8 h6 46.Ra6+ Ke7 47.Ra7+ Kf8 48.Rc7 hxg5 49.fxg5 Rf1 50.Nf4 Re1+ 51.Kd3 Bb2
52.Nxg6+ Ke8 53.h5 e5 54.h6 e4+ 55.Kd2 Rg1 56.h7 Rxg5 57.h8=Q+ Bxh8 58.Nxh8 Rg2+
59.Kc3 Rxa2 60.Nf7 a4 61.b4 Ra3+ 62.Kd4 e3 63.Nd6+ Kd8 64.Rc2 Rb3 65.Kc4 Kd7
66.Nf5 Rb1 67.Nxe3 a3 68.Ra2 Rc1+ 69.Kb3 Re1 70.Nc4 Kc6 71.Nxa3  1-0

[Event "Titled Tue 15th Apr Late"]
[Site "chess.com INT"]
[Date "2025.04.15"]
[Round "6"]
[White "Nakamura,Hi"]
[Black "Bok,B"]
[Result "1-0"]
[WhiteElo "2804"]
[BlackElo "2592"]

1.c4 c5 2.g3 g6 3.Bg2 Bg7 4.e3 e6 5.Nc3 Nc6 6.Nge2 Nge7 7.d4 cxd4 8.exd4 d5
9.cxd5 Nxd5 10.O-O O-O 11.h4 Nde7 12.Bg5 h6 13.Bf4 Nf5 14.d5 exd5 15.Nxd5 Bxb2
16.Nc7 Bxa1 17.Qxa1 Be6 18.Nxa8 Qxa8 19.g4 Nxh4 20.Bxh6 f6 21.Bxf8 Qxf8 22.f3 Bc4
23.Rf2 Bxe2 24.Rxe2 Qc5+ 25.Rf2 Ne5 26.Qd1 Qe3 27.Qe2 Qf4 28.Qe4 Qc1+ 29.Bf1 Qc5
30.Be2 Qc1+ 31.Kh2 Qc5 32.Kg3 g5 33.Bd1 Kg7 34.Qxb7+ Kh6 35.Bc2 Neg6 36.Qb8 Qe3
37.Bxg6 Nxg6 38.Qd6 Qe1 39.Qd2 Qg1+ 40.Rg2 Qf1 41.Rh2+ Kg7 42.Qd7+ Kf8 43.Qc8+ Kg7
44.Qb7+ Kf8 45.Qb8+ Kg7 46.Qxa7+ Kf8 47.Qb8+ Kg7 48.Qa7+ Kf8 49.Qc5+ Kg7
50.Qf2 Qc1 51.Qa7+ Kf8 52.Qb8+ Kg7 53.Qb7+ Kf8 54.Qa8+ Kg7 55.Qa7+ Kf8 56.Re2 Qf4+
57.Kf2 Qh2+ 58.Ke1 Qh1+ 59.Kd2 Qxf3 60.Qe3 Qxg4 61.Qc5+ Kg8 62.Qd5+ Kg7 63.Qb7+ Kh6
64.Qe4 Qd7+ 65.Ke1 Nf4 66.Rh2+ Nh5 67.Qf3 Qe7+ 68.Kf1 Qf7 69.Rxh5+ Qxh5 70.Qxh5+ Kxh5
71.a4 Kg4 72.a5 Kg3 73.a6 g4 74.a7 Kh2 75.a8=Q f5 76.Qg2+  1-0

[Event "Titled Tue 15th Apr Late"]
[Site "chess.com INT"]
[Date "2025.04.15"]
[Round "7"]
[White "Sargsyan,Shant"]
[Black "Nakamura,Hi"]
[Result "0-1"]
[WhiteElo "2666"]
[BlackElo "2804"]

1.Nf3 d5 2.e3 Nf6 3.c4 e6 4.b3 b6 5.Bb2 Bb7 6.Nc3 Bd6 7.cxd5 exd5 8.d4 a6
9.g3 Nbd7 10.Bg2 Qe7 11.O-O O-O-O 12.Rc1 h5 13.Ne2 Ne4 14.Qc2 Kb8 15.Nd2 f5
16.Nf4 Rh6 17.h4 g5 18.hxg5 Qxg5 19.Nf3 Qf6 20.Nh4 Rg8 21.Ba3 Bxf4 22.exf4 c6
23.Kh2 Rg4 24.Qd3 Ka7 25.Bh3 Rxh4 26.gxh4 Qxh4 27.Qf3 Ndf6 28.Rc2 Ng4+ 29.Kh1 a5
30.Bc1 Rg6 31.Be3 c5 32.Rg1 Qf6 33.Bxg4 hxg4  0-1

[Event "Titled Tue 15th Apr Early"]
[Site "chess.com INT"]
[Date "2025.04.15"]
[Round "7"]
[White "Sevian,Samuel"]
[Black "Nakamura,Hi"]
[Result "1-0"]
[WhiteElo "2694"]
[BlackElo "2804"]

1.e4 e5 2.Nf3 Nc6 3.Bc4 Nf6 4.d3 Be7 5.O-O O-O 6.Nc3 d6 7.a4 a6 8.Re1 Nb4
9.Ne2 Bg4 10.c3 Nc6 11.Ng3 Be6 12.Bxe6 fxe6 13.b4 h6 14.h3 Qd7 15.Rb1 Nd8
16.d4 exd4 17.cxd4 b5 18.axb5 axb5 19.Qb3 Qe8 20.Bd2 c6 21.Ra1 Rxa1 22.Rxa1 d5
23.e5 Nd7 24.Ra6 Rf7 25.Ne1 Nb8 26.Ra8 Nd7 27.Ra6 Nb8 28.Ra1 Nd7 29.Nd3 Nb6
30.Nf4 Nc4 31.Bc1 Qd7 32.Ngh5 Nb6 33.Qg3 Bg5 34.h4 Bxf4 35.Bxf4 Kh7 36.Qd3+ Kh8
37.Qg6 Qe7 38.Ra6 Nd7 39.Ra8 Nf8 40.Qg4 Kh7 41.Ng3 Ng6 42.Be3 Nxh4 43.Nh5 Ng6
44.Qh3 Kg8 45.Bd2 Rf8 46.Nxg7 Qxg7 47.Bxh6 Qb7 48.Ra3 Rf5 49.g4 Rf7 50.Qh5 Nf8
51.Qg5+ Rg7 52.Bxg7 Qxg7 53.Qxd8 Qxg4+ 54.Rg3  1-0

[Event "Titled Tue 15th Apr Early"]
[Site "chess.com INT"]
[Date "2025.04.15"]
[Round "8"]
[White "Kucuksari,Kaan"]
[Black "Nakamura,Hi"]
[Result "0-1"]
[WhiteElo "2440"]
[BlackElo "2804"]

1.d4 g6 2.c4 Bg7 3.Nf3 d6 4.Nc3 Nf6 5.g3 b6 6.Bg2 Bb7 7.O-O Ne4 8.Bd2 Nxd2
9.Qxd2 c6 10.e4 O-O 11.Rfe1 Nd7 12.Rad1 c5 13.d5 a6 14.a4 Bc8 15.Qc2 Rb8
16.b3 Qc7 17.Bf1 Nf6 18.h3 Ne8 19.Nh4 e5 20.Ng2 Bxh3 21.Ne3 Bd7 22.Bd3 h5
23.Kg2 Bh6 24.Rh1 Bxe3 25.fxe3 Qd8 26.Ne2 Qg5 27.Ng1 Qxe3 28.Rf1 Kg7 29.Nf3 Bg4
30.Rf2 Nf6 31.Nh2 Bd7 32.Rhf1 Ng4 33.Nxg4 hxg4 34.Rf6 Qh6 35.Rh1 Qxh1+ 36.Kxh1 Kxf6
37.Kg2 a5 38.Qd2 Kg7 39.Qg5 f6 40.Qe3 Rh8 41.Be2 Rh5 42.Qg1 Rbh8 43.Qe3 Rh1  0-1

[Event "Titled Tue 15th Apr Late"]
[Site "chess.com INT"]
[Date "2025.04.15"]
[Round "8"]
[White "Nakamura,Hi"]
[Black "Murzin,Volodar"]
[Result "1-0"]
[WhiteElo "2804"]
[BlackElo "2658"]

1.b3 a5 2.Bb2 a4 3.b4 Nf6 4.a3 e6 5.c4 c5 6.bxc5 Bxc5 7.e3 Nc6 8.Nc3 Qa5
9.d4 Be7 10.Bd3 b6 11.Nf3 Ba6 12.O-O O-O 13.d5 Nd8 14.e4 d6 15.Na2 e5 16.Nb4 Nd7
17.Bc3 Qc5 18.Qxa4 Qc8 19.Nxa6 Rxa6 20.Qc2 Nc5 21.Be2 Ndb7 22.Bb4 Qd7 23.Nd2 Rfa8
24.g3 Bf6 25.Rab1 Qe7 26.Kg2 Nd7 27.h4 Nbc5 28.Bg4 R6a7 29.Rbe1 Na6 30.Nb1 Nxb4
31.axb4 Ra2 32.Qb3 Nf8 33.h5 Bg5 34.Re2 Ra1 35.Nc3 Rxf1 36.Kxf1 g6 37.Kg2 Kg7
38.Nb5 h6 39.Qf3 Nh7 40.Qb3 Nf6 41.Bf3 Rc8 42.Ra2 gxh5 43.Ra7 Qd8 44.Qd3 h4
45.Qe2 Ra8 46.Rxa8 Qxa8 47.Nxd6 hxg3 48.fxg3 Qa3 49.c5 bxc5 50.b5 Qb3 51.Qf2 c4
52.Qa7  1-0

[Event "Titled Tue 15th Apr Early"]
[Site "chess.com INT"]
[Date "2025.04.15"]
[Round "9"]
[White "Nakamura,Hi"]
[Black "Chigaev,M"]
[Result "1-0"]
[WhiteElo "2804"]
[BlackElo "2636"]

1.b3 g6 2.Bb2 Nf6 3.Nf3 c5 4.e4 d6 5.Bb5+ Nbd7 6.Bxf6 exf6 7.O-O Bg7 8.d4 O-O
9.Nc3 Nb6 10.h3 a6 11.Be2 f5 12.Re1 cxd4 13.Na4 Nxa4 14.bxa4 fxe4 15.Nxd4 Qa5
16.Bf1 Qxa4 17.c4 Qxd1 18.Raxd1 f5 19.Nb3 Be5 20.c5 Rf6 21.Re2 Be6 22.Na5 dxc5
23.Nxb7 Bd4 24.Rc2 Bf7 25.Nxc5 Rd8 26.Rdc1 e3 27.Nd3 exf2+ 28.Nxf2 Be3 29.Re1 Re8
30.Kh1 Bxf2 31.Rxe8+ Bxe8 32.Rxf2 Bf7 33.Rb2 Rd6 34.Kh2 Kg7 35.Rb7 Kf6 36.a4 h5
37.a5 Be8 38.Rb6 Ke5 39.Bxa6 Rxb6 40.axb6 Kd6 41.h4 Bd7 42.Kg3  1-0

[Event "Titled Tue 15th Apr Late"]
[Site "chess.com INT"]
[Date "2025.04.15"]
[Round "9"]
[White "Carlsen,M"]
[Black "Nakamura,Hi"]
[Result "1/2-1/2"]
[WhiteElo "2837"]
[BlackElo "2804"]

1.d4 d5 2.Bf4 c5 3.e3 Nc6 4.c3 Nf6 5.Nd2 Qb6 6.Qb3 c4 7.Qc2 g6 8.h3 Bf5 9.Qc1 Rc8
10.Ngf3 Bg7 11.Be2 O-O 12.O-O Ne4 13.Nxe4 Bxe4 14.Nd2 Bf5 15.Re1 Rfd8 16.e4 Bxe4
17.Nxe4 dxe4 18.Qc2 e5 19.dxe5 Nxe5 20.Bxe5 Bxe5 21.Qxe4 Re8 22.Qc2 Qc5 23.a4 a6
24.Bf3 Rc7 25.a5 Rce7 26.Kf1 Bb8 27.Rxe7 Rxe7 28.Rd1 Qxa5 29.Qd2 Kg7 30.g3 Qe5
31.Kg2 b5 32.h4 h5 33.Qd8 Ba7 34.Qd6 Qc5 35.Rd2 a5 36.Qxc5 Bxc5 37.Bc6 b4
38.Rd5 Bb6 39.Rb5 bxc3 40.bxc3 Bc7 41.Rc5 Bb6 42.Rb5 Bc7 43.Rc5 Bb6 44.Rb5  1/2-1/2

[Event "Titled Tue 15th Apr Late"]
[Site "chess.com INT"]
[Date "2025.04.15"]
[Round "10"]
[White "Nakamura,Hi"]
[Black "Bacrot,E"]
[Result "1-0"]
[WhiteElo "2804"]
[BlackElo "2633"]

1.b3 d5 2.Bb2 Nf6 3.Nf3 g6 4.c4 c6 5.e3 Bg7 6.d4 O-O 7.Bd3 Bg4 8.Nbd2 e6
9.h3 Bf5 10.Be2 Nbd7 11.O-O h6 12.Nh4 Ne4 13.Nxf5 exf5 14.Nxe4 dxe4 15.b4 Re8
16.Qb3 Qg5 17.g3 h5 18.h4 Qe7 19.Kg2 a5 20.a3 Nf6 21.Rad1 Ng4 22.c5 axb4
23.axb4 f4 24.Bxg4 hxg4 25.gxf4 Qxh4 26.Rh1 Qf6 27.Rd2 Qe6 28.d5 cxd5 29.Bxg7 Kxg7
30.Rxd5 Qf6 31.Rd6 Qf5 32.Qc3+ f6 33.Rxf6 Qxf6 34.Rh7+ Kxh7 35.Qxf6 Rg8 36.Qh4+ Kg7
37.Qe7+ Kh6 38.Qxb7 g5 39.f5 g3 40.Kxg3  1-0